| 000 | 006380000a22001810004500 | ||
|---|---|---|---|
| 003 | MACL | ||
| 005 | 20160604142353.0 | ||
| 008 | 160604b xxu||||| |||| 00| 0 eng d | ||
| 040 |
_aMACL _cMACL |
||
| 041 | _aHindi | ||
| 082 | _a920 | ||
| 100 |
_aसिंह , प्रेमलाल _962417 |
||
| 245 |
_aविश्व प्रसिद्ध महान व्यक्तित्व _cप्रेमलाल सिंह |
||
| 260 |
_aदिल्ली _bस्काई बुक्स इंटरनेशनल _c2011 |
||
| 350 | _a300 | ||
| 650 |
_aBiography _962418 |
||
| 942 |
_cHIN _k920/SIN _2ddc |
||
| 999 |
_c46142 _d46142 |
||